000 00314nam a22001217a 4500
008 170620b xxu||||| |||| 00| 0 eng d
041 _aeng
080 _a324
100 _a20
101 _aSHP
245 _aTHE IMPACT OF NEGRO VOTING: THE ROLE OF THE VOTE IN THE QUEST FOR EQUALITY
_cKEECH, W.R
942 _2udc
_cBK
999 _c18285
_d18285